00449nam a2200133 a 450000100100000000500170001000800410002704000250006808200150009311000580010824500480016626000720021430000290028600002987620200930055856.0110426s1970 dr 000 0 spa d aDO-SdBNPbspacBNPHU axxxxbxxxx1 aRepública Dominicana.bDepartamento de Contabilidad10aEstados financieros al 31 de enero de 1970. aSanto Domingo :bBanco Central de la República Dominicana,c1970. a[74] p. :bil. ;c28 cm.